[Event "Wroclaw Anderssen Memorial op-A"]
[Site "Wroclaw"]
[Date "2023.08.07"]
[Round "3"]
[White "Itzhaky, Shmuel"]
[Black "Kowalski, Igor"]
[Result "0-1"]
[WhiteElo "2083"]
[BlackElo "2371"]
[PlyCount "104"]
[EventDate "2023.08.06"]
[EventType "swiss"]
[EventRounds "9"]
[EventCountry "POL"]
[SourceTitle "CBM 215 Extra"]
[Source "ChessBase"]
[SourceDate "2023.09.30"]
[SourceVersion "1"]
[SourceVersionDate "2023.09.30"]
[SourceQuality "1"]

1. d4 d5 2. c4 c6 3. cxd5 cxd5 4. Nc3 Nf6 5. Bg5 Nc6 6. Bxf6 gxf6 7. e3 e6 8. Bd3 f5 9. Nf3 Bd6 10. Rc1 Bd7 11. a3 Qf6 12. b4 0-0 13. Na4 Ne7 14. Nc5 Bc8 15. Qa4 Rd8 16. 0-0 Ng6 17. Rc2 Kh8 18. Rfc1 Qe7 19. Bf1 f4 20. Nd3 fxe3 21. fxe3 Bd7 22. Qb3 a5 23. Nc5 axb4 24. axb4 Be8 25. b5 Ra5 26. Ra2 Rxa2 27. Qxa2 e5 28. Qxd5 e4 29. Qxe4 Bxc5 30. Qxe7 Bxe7 31. Bd3 Bd6 32. Ng5 Kg7 33. Ne4 b6 34. Kf2 Ne7 35. Ra1 Bb4 36. Ra7 Rd5 37. Bc4 Rf5+ 38. Kg1 Nc8 39. Ra4 Ba5 40. Ng3 Rg5 41. Ne4 Rg6 42. Bd3 Re6 43. d5 Re5 44. Rd4 f5 45. d6 fxe4 46. d7 Bxd7 47. Rxd7+ Ne7 48. Bc4 Bb4 49. Kf2 Bc5 50. g4 h5 51. gxh5 Rxh5 52. Kg3 Kf6 0-1

[Event "Sitges Sunway op 9th"]
[Site "Sitges"]
[Date "2022.12.15"]
[Round "4"]
[White "Itzhaky, Shmuel"]
[Black "Milat, Marcel Victor"]
[Result "0-1"]
[WhiteElo "2109"]
[BlackElo "2290"]
[PlyCount "76"]
[EventDate "2022.12.12"]
[EventType "swiss"]
[EventRounds "10"]
[EventCountry "ESP"]
[SourceTitle "CBM 211 Extra"]
[Source "ChessBase"]
[SourceDate "2023.01.31"]
[SourceVersion "1"]
[SourceVersionDate "2023.01.31"]
[SourceQuality "1"]

1. d4 Nf6 2. Bg5 e6 3. e4 c5 4. d5 Qb6 5. Nc3 Qxb2 6. Bd2 Qb6 7. f4 d6 8. Rb1 Qc7 9. Bb5+ Nbd7 10. dxe6 fxe6 11. Nf3 a6 12. Bc4 Nb6 13. Be2 Be7 14. a4 Qc6 15. e5 Nfd5 16. exd6 Qxd6 17. Ne4 Qc7 18. Ne5 0-0 19. 0-0 Nd7 20. Nc4 Nxf4 21. Bg4 b5 22. Bxf4 Rxf4 23. Bxe6+ Kh8 24. Ncd6 Rxf1+ 25. Kxf1 Nf6 26. Nf7+ Kg8 27. Nxf6+ Bxf6 28. Qd5 Bxe6 29. Nh6+ gxh6 30. Qxa8+ Kg7 31. Qxa6 Qf4+ 32. Kg1 Bd4+ 33. Kh1 Be5 34. Qb7+ Kg6 35. g3 Qd4 36. c4 Bxc4 37. Qc6+ Bf6 38. Qe8+ Kg7 0-1

[Event "ISR-chT"]
[Site "Israel"]
[Date "2022.02.19"]
[Round "8.4"]
[White "Kupervaser, Erez"]
[Black "Itzhaky, Shmuel"]
[Result "1-0"]
[WhiteElo "2354"]
[BlackElo "2110"]
[PlyCount "73"]
[EventDate "2022.01.14"]
[EventType "team-tourn"]
[EventRounds "11"]
[EventCountry "ISR"]
[SourceTitle "EXT 2023"]
[Source "ChessBase"]
[SourceDate "2022.10.05"]
[SourceVersion "1"]
[SourceVersionDate "2022.10.05"]
[SourceQuality "1"]
[WhiteTeam "Haifa Nesher"]
[BlackTeam "Tel Aviv"]
[WhiteTeamCountry "ISR"]
[BlackTeamCountry "ISR"]

1. e4 e6 2. d4 d5 3. Nc3 Bb4 4. e5 c5 5. a3 Ba5 6. b4 cxd4 7. Nb5 Bc7 8. Nf3 Nc6 9. Bf4 Nge7 10. Nbxd4 0-0 11. Bd3 Ng6 12. Nxc6 bxc6 13. Bg3 f5 14. exf6 Bxg3 15. hxg3 Qxf6 16. Bxg6 Qc3+ 17. Kf1 hxg6 18. Qe1 Rxf3 19. gxf3 Qxf3 20. Kg1 Qf6 21. f4 Qd4+ 22. Kg2 e5 23. c3 Qc4 24. Qxe5 Bf5 25. Kf2 Rf8 26. Rh2 Qd3 27. Qd4 Qc2+ 28. Kg1 Qb3 29. Re1 Be4 30. Qe5 Qxa3 31. Qe6+ Rf7 32. Qxc6 g5 33. fxg5 g6 34. Qe8+ Rf8 35. Qe6+ Rf7 36. Rf2 Bf5 37. Rxf5 1-0

[Event "ISR-ch op"]
[Site "Safed"]
[Date "2021.12.13"]
[Round "6"]
[White "Itzhaky, Shmuel"]
[Black "Rozen, Eytan"]
[Result "1/2-1/2"]
[WhiteElo "2084"]
[BlackElo "2371"]
[PlyCount "56"]
[EventDate "2021.12.08"]
[EventType "swiss"]
[EventRounds "9"]
[EventCountry "ISR"]
[SourceTitle "CBM 205 Extra"]
[Source "ChessBase"]
[SourceDate "2022.01.31"]
[SourceVersion "1"]
[SourceVersionDate "2022.01.31"]
[SourceQuality "1"]

1. d4 d6 2. Nf3 Nf6 3. c4 g6 4. Nc3 Bf5 5. Nh4 Bd7 6. g3 Bg7 7. Bg2 Nc6 8. 0-0 0-0 9. f4 a6 10. e4 e5 11. dxe5 dxe5 12. Nd5 b5 13. c5 exf4 14. Bxf4 Nxd5 15. exd5 Ne5 16. Rc1 Re8 17. b3 g5 18. Bxe5 Rxe5 19. Nf3 Bg4 20. Nxe5 Bxd1 21. Nc6 Qd7 22. Rcxd1 Re8 23. d6 cxd6 24. cxd6 Re6 25. Ne7+ Rxe7 26. dxe7 Qxe7 27. Bd5 Bf6 28. Kh1 Qe5 1/2-1/2

[Event "ISR-ch op"]
[Site "Safed"]
[Date "2021.12.12"]
[Round "5"]
[White "Shohat, Yotam"]
[Black "Itzhaky, Shmuel"]
[Result "0-1"]
[WhiteElo "2325"]
[BlackElo "2084"]
[PlyCount "78"]
[EventDate "2021.12.08"]
[EventType "swiss"]
[EventRounds "9"]
[EventCountry "ISR"]
[SourceTitle "CBM 205 Extra"]
[Source "ChessBase"]
[SourceDate "2022.01.31"]
[SourceVersion "1"]
[SourceVersionDate "2022.01.31"]
[SourceQuality "1"]

1. Nf3 e6 2. g3 d5 3. Bg2 Nf6 4. 0-0 Be7 5. d3 0-0 6. Nbd2 c5 7. e4 Nc6 8. e5 Nd7 9. Re1 Qc7 10. Qe2 b5 11. Nf1 Bb7 12. Bf4 Rfc8 13. c3 a5 14. h4 b4 15. Ne3 Qd8 16. Ng4 Ba6 17. Ng5 Nf8 18. Qf3 bxc3 19. bxc3 Ra7 20. Rad1 Rb7 21. Bf1 a4 22. Bg2 Rcb8 23. Bc1 Qe8 24. Nf6+ gxf6 25. exf6 Bd8 26. Qg4 h5 27. Qxh5 Bxf6 28. Bxd5 Ne5 29. Be4 Neg6 30. Re3 Bxc3 31. Rf3 f6 32. Nxe6 Ne5 33. Qf5 Nxf3+ 34. Bxf3 Nxe6 35. Bd5 Re7 36. Bh6 Kh8 37. d4 Qf7 38. dxc5 Rd8 39. Kh2 Bb7 0-1

[Event "Netanya op"]
[Site "Netanya"]
[Date "2019.06.24"]
[Round "2"]
[White "Itzhaky, Shmuel"]
[Black "Gorshtein, Ido"]
[Result "0-1"]
[WhiteElo "2130"]
[BlackElo "2367"]
[PlyCount "82"]
[EventDate "2019.06.23"]
[EventType "swiss"]
[EventRounds "9"]
[EventCountry "ISR"]
[SourceTitle "CBM 191 Extra"]
[Source "ChessBase"]
[SourceDate "2019.09.30"]
[SourceVersion "1"]
[SourceVersionDate "2019.09.30"]
[SourceQuality "1"]

1. d4 Nf6 2. Bg5 c5 3. d5 e6 4. e4 h6 5. Bxf6 Qxf6 6. Nc3 d6 7. Bc4 a6 8. a4 e5 9. Nge2 g6 10. 0-0 Bg7 11. a5 Nd7 12. Na4 0-0 13. Ra3 Qh4 14. f3 f5 15. Qe1 Qe7 16. b4 cxb4 17. Qxb4 fxe4 18. fxe4 Rxf1+ 19. Kxf1 Nf6 20. Nb6 Rb8 21. Ba2 Ng4 22. Ke1 Nxh2 23. Rg3 Bg4 24. Nc4 Rd8 25. Qb6 h5 26. Ne3 Bh6 27. Nxg4 Nxg4 28. c4 Kh7 29. Bb3 Rc8 30. Rf3 Rc5 31. Nc3 Be3 32. Na4 Rb5 33. cxb5 Bxb6 34. Nxb6 axb5 35. Ke2 Qc7 36. Kd2 Qc5 37. Rf7+ Kh6 38. Rxb7 Qd4+ 39. Kc2 Ne3+ 40. Kb1 Qc3 41. Ka2 Qxa5+ 0-1

[Event "Leiden op-A 8th"]
[Site "Leiden"]
[Date "2014.07.15"]
[Round "5"]
[White "Itzhaky, Shmuel"]
[Black "Wohl, Aleksandar H"]
[Result "0-1"]
[WhiteElo "2056"]
[BlackElo "2339"]
[PlyCount "56"]
[EventDate "2014.07.11"]
[EventType "swiss"]
[EventRounds "9"]
[EventCountry "NED"]
[SourceTitle "CBM 161 Extra"]
[Source "ChessBase"]
[SourceDate "2014.08.29"]
[SourceVersion "1"]
[SourceVersionDate "2014.08.29"]
[SourceQuality "1"]

1. d4 g6 2. Nf3 Bg7 3. c4 d6 4. Nc3 c6 5. e3 f5 6. b4 Nd7 7. Be2 e5 8. 0-0 e4 9. Nd2 Ngf6 10. Qb3 0-0 11. a4 Qe7 12. c5+ d5 13. b5 a6 14. bxc6 bxc6 15. a5 Rb8 16. Qa4 Qe6 17. Qa2 Ne8 18. Nc4 f4 19. f3 fxe3 20. Bxe3 exf3 21. Rxf3 Rxf3 22. gxf3 Kh8 23. Ne5 Nxe5 24. dxe5 Qxe5 25. Bd2 Bh3 26. Bf1 Qd4+ 27. Kh1 Bxf1 28. Rxf1 Qd3 0-1

[Event "Leiden op-A 8th"]
[Site "Leiden"]
[Date "2014.07.13"]
[Round "3"]
[White "Itzhaky, Shmuel"]
[Black "Vistisen, Lars"]
[Result "1-0"]
[WhiteElo "2056"]
[BlackElo "2169"]
[PlyCount "103"]
[EventDate "2014.07.11"]
[EventType "swiss"]
[EventRounds "9"]
[EventCountry "NED"]
[SourceTitle "CBM 161 Extra"]
[Source "ChessBase"]
[SourceDate "2014.08.29"]
[SourceVersion "1"]
[SourceVersionDate "2014.08.29"]
[SourceQuality "1"]

1. d4 Nf6 2. Bg5 c5 3. Bxf6 gxf6 4. dxc5 Na6 5. e3 Nxc5 6. Nf3 e6 7. c4 f5 8. Nc3 a6 9. Be2 Qf6 10. Qd4 Be7 11. 0-0-0 Qxd4 12. Nxd4 Ne4 13. Nxe4 fxe4 14. f3 Rg8 15. Rhg1 d5 16. cxd5 exd5 17. f4 Bd7 18. Kb1 0-0-0 19. Bh5 Rg7 20. Rd2 Kb8 21. g3 Rc8 22. a3 h6 23. Rgd1 Ka7 24. Ka2 b6 25. Ne2 Bb5 26. Nc3 Bc4+ 27. b3 Bd3 28. Nxd5 Bc5 29. b4 Rd8 30. bxc5 Rxd5 31. cxb6+ Kxb6 32. Be2 f5 33. Bxd3 Rgd7 34. Rb1+ Ka7 35. Rb3 h5 36. Kb2 exd3 37. Rb4 a5 38. Rc4 Re7 39. Rd4 Rb7+ 40. Kc3 Rc5+ 41. Rc4 Rcb5 42. Kxd3 Rb3+ 43. Rc3 a4 44. Rdc2 Ka6 45. Kd4 Rd7+ 46. Ke5 Re7+ 47. Kxf5 Rxe3 48. Rxe3 Rxe3 49. Ra2 Kb5 50. Kg5 Kc4 51. Kxh5 Kb3 52. Rf2 1-0